Career Almanak Year 2015/16 (Record no. 2152)

000 -LEADER
fixed length control field 00333nam a2200133Ia 4500
008 - FIXED-LENGTH DATA ELEMENTS--GENERAL INFORMATION
fixed length control field 180730s9999||||xx |||||||||||||| ||und||
020 ## - INTERNATIONAL STANDARD BOOK NUMBER
International Standard Book Number 9789384175092
082 ## - DEWEY DECIMAL CLASSIFICATION NUMBER
Classification number 823
Item number SAC/C
100 ## - MAIN ENTRY--PERSONAL NAME
Personal name Sachdeva, S. K.
245 #0 - TITLE STATEMENT
Title Career Almanak Year 2015/16
260 ## - PUBLICATION, DISTRIBUTION, ETC.
Place of publication, distribution, etc. New Delhi
Name of publisher, distributor, etc. Competition Review
Date of publication, distribution, etc. 2016
300 ## - PHYSICAL DESCRIPTION
Extent 652p
942 ## - ADDED ENTRY ELEMENTS (KOHA)
Institution code [OBSOLETE] BK
Holdings
Withdrawn status Lost status Damaged status Not for loan Collection code Permanent Location Current Location Date acquired Cost, normal purchase price Full call number Barcode Date last seen Price effective from Koha item type
        School of Animation (Noida) MUIT-NOIDA MUIT-NOIDA 2018-07-30 295.00 823 SAC/C ANM00201 2018-07-30 2018-07-30 Donated Books

All Rights Reserved@MUIT

Powered by Koha